ENCYCLOPAEDIA Nigeriana: the micropedia
Salvato in:
| Natura: | Libro |
|---|---|
| Lingua: | inglese |
| Pubblicazione: |
Express Communication Publishers,
2016.
|
| Tags: |
Aggiungi Tag
Nessun Tag, puoi essere il primo ad aggiungerne!!
|
MARC
| LEADER | 00000nam a22000007a 4500 | ||
|---|---|---|---|
| 008 | 210702b ||||| |||| 00| 0 eng d | ||
| 020 | |a 978-978-917-009- 8 | ||
| 245 | |a ENCYCLOPAEDIA Nigeriana: the micropedia |c [John Adoga] |g xiii 638p. ; ill. | ||
| 250 | |c [John Adoga] | ||
| 260 | |b Express Communication Publishers, |c 2016. |h Abuja |i 688942 |l E185 .N6En1 |m Encyclopaedia. | ||
| 942 | |a lcc |c BK |e Adeniran, F. A |f 02/07/2021 | ||
| 952 | |0 0 |1 0 |2 lcc |4 0 |6 E0185 N6 E N1 |7 0 |9 2708 |a HOL |b HOL |c GJ |d 2021-07-02 |l 0 |o E185 .N6En1 |p 2021-6552 |r 2021-07-02 00:00:00 |w 2021-07-02 |y BK | ||
| 999 | |c 1409 |d 1409 | ||